000 00825nam a2200253Ia 4500
003 OSt
005 20220923211637.0
006 a|||||r|||| 00| 0
007 ta
008 220922b |||||||| |||| 00| 0 san d
024 _a38,634
037 _cTextual
040 _aARTS
_cARTS
_bsan
041 _2san
_asan
082 _aO15:gxE51,1:g, 152K8
100 _aचतुर्वेदी, व्रजमोहन
245 0 _aमहिमभट्ट
246 _ahinimabhaṭṭa
260 _aदिल्ली
_b नेशनल पब्लिशिंग
_c1968
300 _a347पृ.
_ccm.
650 _aहिन्दी साहित्य
_9156264
942 _hO15:gxE51,1:g, 152K8
_cTEXL
_2CC
999 _c301992
_d301992